000 00231nam a2200085Ia 4500
245 0 _aBAUERNMALEREI AN OLD FOLKS ART
100 _a MULLER, M. Kaapstad, 1983
_999293
942 _cBK
008 210825s9999 xx 000 0 und d
999 _c534730
_d534729